000 00698nam a2200229Ia 4500
001 16781
003 GE_BSU
008 181216s||||||||xx |||||||||||||| ||und||
040 _cGE_BSU
080 _a821.353.1-32
100 _aზედგინიძე, ელიზბარ
245 _aშორეულ ცის ქვეშ
245 _bმოთხრობები
245 _cრედ.ა.ბელიაშვილი
260 _aთბილისი
260 _bსაბლიტგამი
260 _c1953
300 _a200გვ. ; 20სმ
653 _aმოთხრობები
653 _aშორეულ ცის ქვეშ
942 _cBK
999 _c49846
_d49846